00614nam a22002055b 4500001001500000003000900015005001700024008004100041020001500082040002800097082001600125100001700141245009600158250001200254260002900266300002800295500001200323504002700335651004600362bimo0000383302CO-ViMGA20230915224041.0931202s1993 sp | |||| ||spa  a8408002422 aCO-ViMGAbspacCO-ViMGA a930 bA581c1 aAlvar, Jaime14aLas claves de los imperios del Proximo Oriente, 3500-500 a.C.h[Texto impreso]cJaime Alvar a1a. ed. aBarcelonabPlanetac1993 a118 p.bil. col.c21 cm aindices aBibliografïa: p. 118 7aOriente MedioxHistoriayHasta 6222embne